书目信息 |
| 题名: |
2003年:中国经济形势分析与预测
|
|
| 作者: | 刘国光 , 王洛 , 李京文 主编 | |
| 分册: | ||
| 出版信息: | 北京 中国社会科学文献出版社 2002.12 |
|
| 页数: | 298页 | |
| 开本: | 26cm | |
| 丛书名: | 经济蓝皮书 | |
| 单 册: | ||
| 中图分类: | F12-53 | |
| 科图分类: | ||
| 主题词: | 经济--分析--中国--2002年 , 经济预测--中国--2002年 | |
| 电子资源: | ||
| ISBN: | 7-80149-798-8 | |
| 000 | 00805nam0 2200253 45 | |
| 001 | JMS0000289 | |
| 005 | 20031219104109.7 | |
| 010 | @a7-80149-798-8@dCNY29.80 | |
| 100 | @a20021118d2002 ekmy1chiy0120 ea | |
| 101 | 0 | @achi |
| 102 | @aCN@b110000 | |
| 200 | 1 | @a2003年:中国经济形势分析与预测@A2003 Nian:Zhong Guo Jing Ji Xing Shi Fen Xi Yu Yu Ce@f刘国光,王洛,李京文主编@FLiu Guo Guang,Wang Luo,Li Jing Wen Zhu Bian |
| 210 | @a北京@c中国社会科学文献出版社@d2002.12 | |
| 215 | @a298页@d26cm | |
| 225 | @a经济蓝皮书 | |
| 410 | @12001 @a经济蓝皮书 | |
| 606 | 0 | @a经济@x分析@y中国@z2002年 |
| 606 | 0 | @a经济预测@y中国@z2002年 |
| 690 | @aF12-53@v4 | |
| 701 | 0 | @a刘国光@4主编 |
| 701 | 0 | @a王洛@4主编 |
| 701 | 0 | @a李京文@4主编 |
| 801 | @aCN@bTSTC@c20030422 | |
| 905 | @b323078-079@dF12-53@e126(2003)@f2 | |
| 2003年:中国经济形势分析与预测/刘国光,王洛,李京文主编.-北京:中国社会科学文献出版社,2002.12 |
| 298页;26cm.-(经济蓝皮书) |
| ISBN 7-80149-798-8:CNY29.80 |
| ● |
| 相关链接 |
|
|
|
|
正题名:2003年:中国经济形势分析与预测
索取号:F12-53/126(2003)
 
预约/预借
| 序号 | 登录号 | 条形码 | 馆藏地/架位号 | 状态 | 备注 |
| 1 | 0323078 | 203230789 | 第一借阅区/ [索取号:F12-53/126(2003)] | 在馆 | |
| 2 | 0323079 | 203230798 | 第一样本阅览室/ [索取号:F12-53/126(2003)] | 在馆 |